MARC details
| 000 -LEADER |
| fixed length control field |
01730 a2200349 4500 |
| 001 - CONTROL NUMBER |
| control field |
200422594 |
| 003 - CONTROL NUMBER IDENTIFIER |
| control field |
TR-AnTOB |
| 005 - DATE AND TIME OF LATEST TRANSACTION |
| control field |
20230515172650.0 |
| 008 - FIXED-LENGTH DATA ELEMENTS--GENERAL INFORMATION |
| fixed length control field |
150731s2015 tu 000 0 |
| 020 ## - INTERNATIONAL STANDARD BOOK NUMBER |
| International Standard Book Number |
9780821396216 |
|
| International Standard Book Number |
9780821396223 (electronic) |
| 040 ## - CATALOGING SOURCE |
| Original cataloging agency |
TR-AnTOB |
| Language of cataloging |
eng |
| Description conventions |
rda |
| Transcribing agency |
TR-AnTOB |
| 041 0# - LANGUAGE CODE |
| Language code of text/sound track or separate title |
İngilizce |
| 050 00 - LIBRARY OF CONGRESS CALL NUMBER |
| Classification number |
JC599.D44 |
| Item number |
I68 2012 |
| 090 ## - LOCALLY ASSIGNED LC-TYPE CALL NUMBER (OCLC); LOCAL CALL NUMBER (RLIN) |
| Classification number (OCLC) (R) ; Classification number, CALL (RLIN) (NR) |
JC599.D44 I68 2012 |
| 245 10 - TITLE STATEMENT |
| Title |
Integrating human rights into development : |
| Remainder of title |
donor approaches, experiences and challenges / |
| Statement of responsibility, etc. |
A joint publication of the OECD and World Bank. |
| 250 ## - EDITION STATEMENT |
| Edition statement |
2nd edition |
| 264 ## - PRODUCTION, PUBLICATION, DISTRIBUTION, MANUFACTURE, AND COPYRIGHT NOTICE |
| Place of production, publication, distribution, manufacture |
Washington, D.C. : |
| Name of producer, publisher, distributor, manufacturer |
World Bank, |
| Date of production, publication, distribution, manufacture, or copyright notice |
2012. |
|
| Name of producer, publisher, distributor, manufacturer |
, |
| Date of production, publication, distribution, manufacture, or copyright notice |
@2012 |
| 300 ## - PHYSICAL DESCRIPTION |
| Extent |
xxxvii, 269 pages ; |
| Dimensions |
23 cm. |
| 336 ## - CONTENT TYPE |
| Content type term |
text |
| Source |
rdacontent |
| 337 ## - MEDIA TYPE |
| Media type term |
unmediated |
| Source |
rdamedia |
| 338 ## - CARRIER TYPE |
| Carrier type term |
volume |
| Source |
rdacarrier |
| 504 ## - BIBLIOGRAPHY, ETC. NOTE |
| Bibliography, etc. note |
|
| 505 ## - FORMATTED CONTENTS NOTE |
| Formatted contents note |
I. Front Matter -- II. Donor Policies and Rationales -- III. Donor Approaches to Development Programming -- IV. Preliminary Lessons: Integrating Human Rights Dimensions, Principles, and Obligations -- V. Challenges and Opportunities -- VI. The Realization of Human Rights Policies 143 UNICEF 143 -- VII. Experiences Applying Tools -- VIII. Experiences from Country Programs -- IX . Experiences from Specific Projects and Programs -- X. The Human Rights–Based Approach to Development Co-operation—Towards a Common Understanding among UN Agencies -- XI.Back Matter |
| 590 ## - LOCAL NOTE (RLIN) |
| Local note |
Donated by The World Bank/TEPAV |
| 650 00 - SUBJECT ADDED ENTRY--TOPICAL TERM |
| Topical term or geographic name entry element |
Education |
| Geographic subdivision |
Developing countries |
| 9 (RLIN) |
4738 |
|
| Topical term or geographic name entry element |
İnsan hakları |
| Geographic subdivision |
Gelişmekte olan ülkeler |
| Source of heading or term |
etuturkob |
| 9 (RLIN) |
33284 |
|
| Topical term or geographic name entry element |
Ekonomik kalkınma |
| 9 (RLIN) |
9621 |
| 942 ## - ADDED ENTRY ELEMENTS (KOHA) |
| Koha item type |
Book |
| Source of classification or shelving scheme |
Library of Congress Classification |